000 00683nam a2200193 a 4500
005 20140414093842.0
008 090113s19uu xx uuu eng d
050 _aDVD 780
_bELV 2005
100 _aKanter, Hal
245 _aElvis Presley in loving you /
_cwritten by Hal Kanter and Herbert Baker; produced by Hal B. Walis, directed by Hal Kanter.
260 _a[S.l.] :
_b[S.n.],
_cc2005.
300 _a1 DVD,
520 _a"Loving You" Elvis Presley Lizabeth Scott Wendell Corey Dolores Hart James Gleason Ralph Dumke Paul Smith Kenneth Becker Jana Lund
650 _aRock music.
700 _aBaker, Herbert
700 _aWalis, Hal B.
942 _cAVM
999 _c109373
_d109373